<?xml version="1.0" encoding="UTF-8"?>
<collection xmlns="http://www.loc.gov/MARC21/slim">
    <record>
        <controlfield tag="001">36086</controlfield>
        <controlfield tag="005">20170831220310.0</controlfield>
        <datafield tag="037" ind1=" " ind2=" ">
            <subfield code="a">GDOC-2014-2776</subfield>
        </datafield>
        <datafield tag="041" ind1=" " ind2=" ">
            <subfield code="a">spa</subfield>
        </datafield>
        <datafield tag="100" ind1=" " ind2=" ">
            <subfield code="0">(orcid)0000-0002-7215-6931</subfield>
            <subfield code="a">Casajús Mallén, José Antonio</subfield>
        </datafield>
        <datafield tag="245" ind1="0" ind2="0">
            <subfield code="9">60858</subfield>
            <subfield code="a">Cineantropometría básica</subfield>
        </datafield>
        <datafield tag="260" ind1=" " ind2=" ">
            <subfield code="a">Zaragoza</subfield>
            <subfield code="b">Universidad de Zaragoza</subfield>
            <subfield code="c">2014-2015</subfield>
        </datafield>
        <datafield tag="520" ind1=" " ind2=" ">
            <subfield code="a">La Cineantropometría es una técnica aparentemente sencilla, barata y aplicable en diferentes situaciones que permite el estudio de las dimensiones corporales y la composición corporal. La importancia de estandarizar la técnica de medición y el análisis de datos responde a la creciente utilización de la antropometría como herramienta de bajo costo y fácil traslado tanto en el campo de la investigación como en la práctica clínica y deportiva. La necesidad de comparar y publicar datos a nivel mundial requiere que se tomen medidas antropométricas con una técnica y herramientas estandarizadas para establecer su validez y aplicación en varios campos de la salud.</subfield>
        </datafield>
        <datafield tag="521" ind1=" " ind2=" ">
            <subfield code="9">692</subfield>
            <subfield code="a">Máster Universitario en Evaluación y Entrenamiento Físico para la Salud</subfield>
        </datafield>
        <datafield tag="540" ind1=" " ind2=" ">
            <subfield code="a">by-nc-sa</subfield>
            <subfield code="b">Creative Commons</subfield>
            <subfield code="c">3.0</subfield>
            <subfield code="u">http://creativecommons.org/licenses/by-nc-sa/3.0/</subfield>
        </datafield>
        <datafield tag="700" ind1=" " ind2=" ">
            <subfield code="0">(orcid)0000-0001-8500-1667</subfield>
            <subfield code="a">Matute Llorente, Angel</subfield>
        </datafield>
        <datafield tag="830" ind1=" " ind2=" ">
            <subfield code="9">549</subfield>
        </datafield>
        <datafield tag="856" ind1="4" ind2=" ">
            <subfield code="s">80565</subfield>
            <subfield code="u">http://zaguan.unizar.es/record/36086/files/guia.pdf</subfield>
            <subfield code="y">Guía (idioma español)</subfield>
        </datafield>
        <datafield tag="980" ind1=" " ind2=" ">
            <subfield code="a">GDOC</subfield>
            <subfield code="b">Ciencias de la salud</subfield>
            <subfield code="c">229</subfield>
        </datafield>
    </record>

    
</collection>